| 000 | 00497nam a22002057a 4500 | ||
|---|---|---|---|
| 003 | OSt | ||
| 005 | 20140310181732.0 | ||
| 008 | 130316t xxu||||| |||| 00| 0 eng d | ||
| 020 | _a0689716443 | ||
| 050 |
_aQL676.2 _bB59 1992 |
||
| 082 |
_aQL676.2 _bB59 1992 |
||
| 245 |
_aBirds _cAngela Roysten |
||
| 260 |
_aLondon: _bDorling Kindersley Ltd. _cc1992. |
||
| 300 | _c23 cm. | ||
| 521 | _aGrade 2 | ||
| 526 | _c450L to 570L | ||
| 541 | _j1 | ||
| 562 | _e1 | ||
| 942 |
_2lcc _cBK-GS _kGS |
||
| 999 |
_c2423 _d2423 |
||